Opertive Oral and Maxillofacial Surgery / (Record no. 35314)
[ view plain ]
| 000 -LEADER | |
|---|---|
| fixed length control field | 00607nam a22001937a 4500 |
| 005 - DATE AND TIME OF LATEST TRANSACTION | |
| control field | 20240312093603.0 |
| 008 - FIXED-LENGTH DATA ELEMENTS--GENERAL INFORMATION | |
| fixed length control field | 240312b |||||||| |||| 00| 0 eng d |
| 020 ## - INTERNATIONAL STANDARD BOOK NUMBER | |
| ISBN | 9780340945896 |
| 082 ## - DEWEY DECIMAL CLASSIFICATION NUMBER | |
| Classification number | 617.520 |
| Item number | OPE |
| 245 ## - TITLE STATEMENT | |
| Title | Opertive Oral and Maxillofacial Surgery / |
| Statement of responsibility, etc. | Edited by John Langdon ; Edited by Mohan Patel. |
| 250 ## - EDITION STATEMENT | |
| Edition statement | 2nd ed. |
| 260 ## - PUBLICATION, DISTRIBUTION, ETC. | |
| Place of Publication | UK : |
| Name of publisher, distributor, etc. | Hodder & Stoughton Limited ; |
| Date of publication, distribution, etc. | 2011 . |
| 300 ## - PHYSICAL DESCRIPTION | |
| Pages | xx , 810 p. : |
| 500 ## - GENERAL NOTE | |
| General note | Include Index. Hard binding. |
| 650 ## - SUBJECT ADDED ENTRY--TOPICAL TERM | |
| Subject / Department | Medical / Dentistry |
| 700 ## - ADDED ENTRY--PERSONAL NAME | |
| Personal name | Edited by Mohan Patel |
| 700 ## - ADDED ENTRY--PERSONAL NAME | |
| Personal name | Edited by Robert Ord |
| 300 ## - PHYSICAL DESCRIPTION | |
| -- | ill ; |
| -- | 27.5 cm |
| 952 ## - LOCATION AND ITEM INFORMATION (KOHA) | |
| -- | 0 |
| -- | 0 |
| Lost status | Damaged status | Collection code | Permanent Location | Current Location | Shelving Location | Date acquired | Full Call Number | Accession No./Barcode | Date last seen | item type | Koha item type |
|---|---|---|---|---|---|---|---|---|---|---|---|
| Medical | Superior Information Resource Center (SIRC) Superior University- Central Library | Superior Information Resource Center (SIRC) Superior University- Central Library | Dentistry | 03/12/2024 | 617.520 OPE 2011 | 13567 | 03/12/2024 | BOOK | BOOK |
